Most Popular K-pop Groups - Statistics

General Stats
  • This quiz has been taken 54 times
  • The average score is 24 of 50
Answer Stats
Answer % Correct
BLACKPINK
100%
BTS
100%
Twice
96%
Stray Kids
92%
EXO
83%
ITZY
81%
Red Velvet
81%
(G)I-DLE
77%
Girls' Generation
75%
Aespa
73%
ENHYPEN
73%
TXT
73%
BIGBANG
71%
NCT
67%
2NE1
65%
IZ*ONE
65%
Mamamoo
65%
Seventeen
65%
Got7
60%
ATEEZ
56%
SHINee
56%
Super Junior
54%
LOONA
48%
MONSTA X
46%
Apink
44%
STAYC
42%
TREASURE
42%
Gfriend
40%
iKON
40%
Momoland
40%
Day6
38%
Everglow
35%
CLC
33%
Dreamcatcher
31%
Wanna One
31%
Winner
31%
BTOB
29%
Oh My Girl
27%
PENTAGON
27%
f(x)
25%
KARD
21%
ASTRO
19%
SuperM
17%
EXID
15%
INFINITE
15%
ONEUS
15%
WayV
13%
SF9
8%
SECRET NUMBER
4%
Gugudan
2%
No matching quizzes found
Score Distribution
Percent of People with Each Score
Percentile by Number Answered
Your Score History
You have not taken this quiz